La revolución de los robots: investigaciones sobre problemas de la automatización

Zapisane w:
Opis bibliograficzny
Główni autorzy: Erler, Fritz (Autor), Marchionini, Alfred (Autor), Pollock, Frederick (Autor), Walther, Alwin (Autor), Weber, Alfred (Autor)
Format: Książka
Język:hiszpański
Wydane: Buenos Aires Eudeba 1963
Wydanie:2a. ed
Seria:Lectores de Eudeba, 5
Hasła przedmiotowe:
Etykiety: Dodaj etykietę
Nie ma etykietki, Dołącz pierwszą etykiete!

MARC

LEADER 00000nam a2200000 a 4500
001 UCX5256
003 CL-VaPUC
008 921014e19630000AG |||||||||||||||||spa|d
082 0 4 |a 303.4834  |b ERL  |2 21 
100 0 |a Erler, Fritz  |e author  |9 321537 
700 0 |a Marchionini, Alfred  |e author  |9 321538 
700 0 |a Pollock, Frederick  |e author  |9 321539 
700 0 |a Walther, Alwin  |e author  |9 321540 
700 0 |a Weber, Alfred  |e author  |9 321541 
245 1 3 |a La revolución de los robots: investigaciones sobre problemas de la automatización 
250 |a 2a. ed 
300 |a 194 p 
942 |c BK 
945 |d 19921014 00:00:00 
260 |a Buenos Aires  |b Eudeba  |c 1963 
650 7 |a DESARROLLO CIENTIFICO Y TECNOLOGICO  |2 CL-VaPUC  |9 259101 
650 0 |a Automatización   |9 299909 
650 0 |a Cambio social   |9 256857 
583 |a last modification  |c 19921014 00:00:00  |k Rodrigo Vera 
490 0 |a Lectores de Eudeba, 5 
999 |c 225550  |d 225548 
952 |0 0  |1 0  |4 0  |6 303_483400000000000_ERL_1963  |7 0  |8 A  |9 223154  |a BIBHIS  |b BIBHIS  |d 2019-11-15  |i 2919974  |o 303.4834 ERL 1963  |p 2919974  |r 2025-01-20  |w 2019-11-15  |y BK  |k HIS 
952 |0 0  |1 0  |4 0  |6 303_483400000000000_ERL_1963  |7 0  |8 P  |9 223155  |a BIBEDU  |b BIBEDU  |c BIBEDU_PB  |d 2019-11-15  |i 4677366  |o 303.4834 ERL 1963  |p 4677366  |r 2024-01-25  |w 2019-11-15  |y BK  |k EPE